01338cam a2200205Ma 450000500170000000800410001702000180005804000560007604100080013210000240014024501120016426000790027630000510035550400530040650505470045965000390100665000320104565000310107770000240110820140903175026.0081210s2009 xxuad frn 001 0deng d a9780801893469 aCo-BoUCMbspacJavier GarzóndAldemar Mondragón0 aeng1 aWhitford, Andrew B.10aPresidential rhetoric and the public agendabconstructing the war on drugscAndrew B. Whitford y Jeff Yates aBaltimore (Maryland, Estados Unidos)bJohns Hopkins University Pressc2009 axii, 217 páginasbilustraciones y gráficas aIncluye referencias bibliográficas e índices0 aPresidential leadership and policy construction -- Presidential rhetoric as policy leadership -- A presidential history of the war on drugs -- The words of war : political rhetoric and the war on drugs -- Presidential policy leadership and federal enforcement : the Drug Enforcement Administration -- For the people : the U.S. attorneys and executive signals on prosecutorial priorities -- Taking it to the states : the boundaries of presidential influence and state drug enforcement -- The social construction of presidential agenda setting. 7aControl de drogaszEstadops Unidos 7aPresidenteszEstados Unidos 7aRetóricazEstados Unidos1 aYates, Jeff,d1965-